000 00213nam a22001097a 4500
008 171220b xxu||||| |||| 00| 0 eng d
020 _a0043303145
041 _aeng
080 _a33
100 _a53
101 _aECO
999 _c39225
_d39225